000 00242nam a22000857a 4500
008 160714b xxu||||| |||| 00| 0 eng d
100 _92843
_a Bobick, J., et al
245 _aThe Handy Biology Answer Book
260 _aCanton
_bVisible Ink Press
_c2004
999 _c2427
_d2427